| 000 | 01369cam a2200397Ma 4500 | ||
|---|---|---|---|
| 001 | 85778 | ||
| 005 | 20230411090044.0 | ||
| 008 | 090810s2009 sp rb 001 0 spa d | ||
| 035 | _a(OCoLC)ocn430145584 | ||
| 040 |
_aC3L _cC3L _dUIA |
||
| 020 | _a9788497843317 | ||
| 020 | _a8497843312 | ||
| 029 | 0 |
_aC3L _b60679304 |
|
| 035 | _a(OCoLC)430145584 | ||
| 042 | 1 | _aspa | |
| 090 | 0 | 0 |
_aJA 71 _bB942f 2009 |
| 049 | _aGRAL | ||
| 100 | 1 |
_aBunge, Mario, _d1919- |
|
| 245 | 1 | 0 |
_aFilosofía política : _bsolidaridad, cooperación y democracia integral / _cMario Bunge ; traducción de Rafael González del Solar. |
| 260 |
_aBarcelona : _bGedisa, _c2009. |
||
| 300 |
_a601 p. ; _c23 cm. |
||
| 440 | 0 |
_aCla-De-Ma. _pFilosofía. |
|
| 504 | _aIncluye referencias bibliográficas (p. 537-577) e índices. | ||
| 500 | _aTraducción de: Political Philosophy: Fact, Fiction and Vision. | ||
| 504 | _aIncluye referencias bibliogrâaficas (p. 537-577) e âindices. | ||
| 650 | 0 |
_aPolitical science _xPhilosophy. |
|
| 650 | 0 | _aDemocracy. | |
| 650 | 4 |
_aCiencia política _xFilosofía. |
|
| 650 | 4 | _aDemocracia. | |
| 700 | 1 | _aGonzález del Solar, Rafael | |
| 830 | 0 |
_aColección Hombre y sociedad (Gedisa, s.a.). _pSerie CLA-DE-MA. _pFilosofía. |
|
| 938 |
_aCasalini Libri _bCASA _n60679304 _c38.00 EUR |
||
| 942 |
_2lcc _cbk |
||
| 994 |
_aC0 _bDRFGD |
||
| 946 | _aRdC | ||
| 999 |
_c111686 _d111686 |
||